000 00403nam a2200145Ia 4500
008 230312s9999||||xx |||||||||||||| ||und||
020 _a9789698455965
082 _a891.4
_bFAR-A
100 _aفرخ سہیل گوئنری
245 0 _aعلمی بینکاروں کی دہشت گردی سرمائے کے آقا
260 _bJamhori
_apak
_c2012
300 _a111
650 _aLiterature
942 _cBK
999 _c14952
_d14952